000 00468nam a2200193Ia 4500
008 240510s9999 xx 000 0 und d
020 _a0008126503262
041 _aEng
082 _a006.68
082 _bM11
100 _aMCCLELAND D. (ET-AL)
245 0 _aPHOTOSHOP 7 BIBLE
260 _bNEW DELHI : WILEY
260 _c2002
300 _a1049 p.
650 _aCOMPUTER GRAPHIC PROGRAMS : APPLICATION PACKAGES : PHOTOSHOP
942 _2ddc
942 _cLBK
999 _c27008
_d27008
945 _a1
_bMadushi Gamage
_c1
_dMadushi Gamage